CBS Sitcoms 2000-present Quiz Stats

Quiz not verified by Sporcle

Challenge
Share
Tweet
Embed
Score 0/32 Timer 08:00
0 Plays Today
Years on Air CBS Sitcom % Correct
2007-presentThe Big Bang Theory
83.1%
2003-presentTwo and a Half Men
82.3%
2005-presentHow I Met Your Mother
74.2%
1996-2005Everybody Loves Raymond
65.3%
2010-presentMike & Molly
59.7%
1998-2007The King of Queens
58.1%
2011-present2 Broke Girls
57.3%
2007-presentRules of Engagement
49.2%
2000-2006Yes, Dear
41.1%
1998-2004Becker
28.2%
2006-2010New Adventures of Old Christine
28.2%
2011-2012Rob
27.4%
2002-2006Still Standing
25.8%
2011How to be a Gentleman
25%
2006-2007The Class
16.9%
2010-2011$#*! My Dad Says
16.1%
Years on Air CBS Sitcom % Correct
2008-2010Gary Unmarried
15.3%
2012-presentPartners
14.5%
2011Mad Love
13.7%
2005Out of Practice
12.9%
2000-2001Bette
12.1%
2009-2010Accidentally on Purpose
12.1%
2008Worst Week
11.3%
2004-2005Listen Up!
10.5%
2012-presentFriend Me
10.5%
2004The Stones
8.9%
2008Welcome to the Captain
8.9%
2000-2001Welcome to New York
8.1%
2001-2002The Ellen Show
8.1%
2006Courting Alex
8.1%
2001Danny
5.6%
2004-2005Center of the Universe
5.6%

You're not logged in!

Compare scores with friends on all Sporcle quizzes.
Sign Up with Email
OR
Log In

You Might Also Like...

Show Comments

Extras

Top Quizzes Today


Score Distribution

Your Account Isn't Verified!

In order to create a playlist on Sporcle, you need to verify the email address you used during registration. Go to your Sporcle Settings to finish the process.

Report this User

Report this user for behavior that violates our Community Guidelines.

Details: